| 000 | 00609nam a2200169Ia 4500 | ||
|---|---|---|---|
| 008 | 230718s9999 xx 000 0 und d | ||
| 020 | _a9783319080864 | ||
| 041 | _aeng | ||
| 082 |
_a629.2'73 _bFIS |
||
| 100 |
_aFischer-Wolfarth J. (Editor) _9197701 |
||
| 245 |
_aAdvanced Microsystems For Automotive Applications 2014 _bSmart Systems For Safe, Clean And Automated Vehicles |
||
| 260 |
_c2014 _bSpringer |
||
| 300 |
_a301 _dRef 1629 E (51224) |
||
| 365 |
_cRs. _b14325.00 |
||
| 700 |
_aFischer-Wolfarth J. (Editor) & Meyer G. (Editor) _9197702 |
||
| 906 |
_dO:0456810-Aug-2015B:177401-Jun-2015 _cETC _b3581.25 |
||
| 999 |
_c340017 _d340017 |
||